000 00507nam a22001577a 4500
008 160116b xxu||||| |||| 00| 0 eng d
020 _a978-971-9617-75-4
082 _22016
_aDFil 623.4
_bM31f
100 _912344
_aManlusoc, Ariel C.
245 _aForensic ballistics/
_cAriel C. Manlusoc
260 _aQuezon City :
_bWiseman's Books Trading,
_cc2016.
300 _axii, 204 pages :
_billustrations ;
_c22 cm.
650 0 _912345
_aFirearms
_xIdentification
365 _b350.00
_cPhp
942 _2ddc
_cDFIL
999 _c3708
_d3708